| 000 | 00421nam a22001457a 4500 | ||
|---|---|---|---|
| 999 |
_c4738 _d4738 |
||
| 008 | 161125b xxu||||| |||| 00| 0 eng d | ||
| 020 | _a978-0-07-829831-8 | ||
| 082 | _a658.31 PAC | ||
| 100 | _aPace, Joe.- | ||
| 245 |
_aThe Workplace: _bChart Your career/ _cDr. Joe Pace.- _hEnglish. |
||
| 260 |
_aBoston: _bMcGraw Hill, _c2006. |
||
| 300 |
_a13.; _c28cm.- |
||
| 650 | _2Elements of Pesonnel Management | ||
| 942 |
_2ddc _cBOOKS |
||